[Event "GER-chT U10"]
[Site "Magdeburg"]
[Date "2012.12.28"]
[Round "3.2"]
[White "Muehl, Felix"]
[Black "Froehlich, Jonna"]
[Result "1-0"]
[WhiteElo "824"]
[BlackElo "729"]
[PlyCount "45"]
[EventDate "2012.12.27"]
[EventType "team-swiss"]
[EventRounds "7"]
[EventCountry "GER"]
[SourceTitle "EXT 2014"]
[Source "ChessBase"]
[SourceDate "2013.11.20"]
[SourceVersion "1"]
[SourceVersionDate "2013.11.20"]
[SourceQuality "1"]
[WhiteTeam "Raesfeld Erle"]
[BlackTeam "Harksheide"]
[WhiteTeamCountry "GER"]
[BlackTeamCountry "GER"]

1. e4 e5 2. Nf3 Nc6 3. Nc3 Bc5 4. Nxe5 Nxe5 5. d4 Bb6 6. dxe5 d6 7. exd6 cxd6 8. Bc4 Qf6 9. Be3 Bxe3 10. fxe3 Qh4+ 11. g3 Qd8 12. Nd5 Qa5+ 13. Qd2 Qd8 14. Bb5+ Bd7 15. Bxd7+ Qxd7 16. Qc3 Qe6 17. Nc7+ Kd8 18. Nxe6+ Ke7 19. Nxg7 Nf6 20. Nf5+ Kd7 21. Qxf6 Rac8 22. c3 Rhe8 23. Qxd6# 1-0

[Event "GER-chT U14 Girls"]
[Site "Arendsee"]
[Date "2011.12.29"]
[Round "6.4"]
[White "Venjakob, Alina"]
[Black "Froehlich, Jonna"]
[Result "1/2-1/2"]
[WhiteElo "1026"]
[BlackElo "789"]
[PlyCount "34"]
[EventDate "2011.12.27"]
[EventType "team-swiss"]
[EventRounds "7"]
[EventCountry "GER"]
[SourceTitle "EXT 2022"]
[Source "ChessBase"]
[SourceDate "2021.10.06"]
[SourceVersion "1"]
[SourceVersionDate "2021.10.06"]
[SourceQuality "1"]
[WhiteTeam "Welper SV U14 Girls"]
[BlackTeam "Harksheide U14 Girls"]
[WhiteTeamCountry "GER"]
[BlackTeamCountry "GER"]

1. e4 e5 2. Nf3 Nc6 3. Bc4 Nf6 4. d4 Nxe4 5. d5 Na5 6. Bd3 Nc5 7. Nxe5 d6 8. Bd2 c6 9. b4 Nxd3+ 10. Nxd3 Qf6 11. Bc3 Qe7+ 12. Qe2 Nc4 13. Nf4 Ne5 14. Nd2 Qg5 15. Qe3 Be7 16. g3 0-0 17. Ne4 Qf5 1/2-1/2

[Event "GER-chT U14 Girls"]
[Site "Arendsee"]
[Date "2011.12.28"]
[Round "4.4"]
[White "Froehlich, Jonna"]
[Black "Henke, Hanna"]
[Result "0-1"]
[WhiteElo "789"]
[BlackElo "775"]
[PlyCount "48"]
[EventDate "2011.12.27"]
[EventType "team-swiss"]
[EventRounds "7"]
[EventCountry "GER"]
[SourceTitle "EXT 2022"]
[Source "ChessBase"]
[SourceDate "2021.10.06"]
[SourceVersion "1"]
[SourceVersionDate "2021.10.06"]
[SourceQuality "1"]
[WhiteTeam "Harksheide U14 Girls"]
[BlackTeam "Karlsruhe SF U14 Girls"]
[WhiteTeamCountry "GER"]
[BlackTeamCountry "GER"]

1. e4 e5 2. Nf3 Nc6 3. Bc4 Bc5 4. d3 d6 5. Ng5 d5 6. Bxd5 Be6 7. Nxe6 fxe6 8. Bxe6 Nf6 9. Qf3 Nd4 10. c3 Nxf3+ 11. gxf3 Qe7 12. d4 exd4 13. cxd4 Bxd4 14. Nd2 Qxe6 15. Nb3 0-0-0 16. 0-0 Be5 17. f4 Bd6 18. e5 Qg4+ 19. Kh1 Qe2 20. Be3 Ng4 21. exd6 Rxd6 22. Rfe1 Qf3+ 23. Kg1 Rg6 24. Kf1 Nxh2# 0-1